| 000 | 00719nam a2200229Ia 4500 | ||
|---|---|---|---|
| 999 |
_c4914 _d4914 |
||
| 003 | OSt | ||
| 005 | 20200327123728.0 | ||
| 008 | 191128s2002 ck a gr 001 0 spa d | ||
| 020 | _a1870246 | ||
| 040 |
_aCO-JMCR _cCO-JMCR |
||
| 082 |
_a027.05098 / _bA761a |
||
| 110 | 2 |
_aRevista de la asociación latinoamericana de archivos _92029 |
|
| 245 | 2 | 0 |
_aAla - 25 / _cAsociación latinoamerica de archivos |
| 260 | _aColombia | ||
| 260 | _bAla | ||
| 260 | _c2002 | ||
| 300 |
_a25 páginas : _bilustraciones en blanco y negro ; _c28 cm |
||
| 505 | _aALA Carta -- Bajo el ALA -- ALA y alero -- De ALA Ancha -- Uno a ALA vez | ||
| 546 | _aspa | ||
| 650 | 1 | 4 |
_aLos archivos Gestión de documentos _92030 |
| 942 |
_2ddc _cBK |
||